000 00843nam a2200229 i 4500
001 49044
003 ES-MaACL
005 20231224062919.0
007 t|
008 030707s1843 sp |||| | spa d
100 1 _aCorradi Gómez, Fernando,
_d1808-1885
_940700
245 1 0 _aLecciones de elocuencia forense y parlamentaria pronunciadas en el Ateneo /
_cpor Fernando Corradi.
260 _aMadrid :
_b[s.n.],
_c1843 (
_fTip. de la calle del Sordo)
300 _a383 p. ;
_c20 cm.
530 _aDisponible en formato digital.
610 2 4 _aAteneo de Madrid-
_vConferencias-
_yS.XIX.
_91910
650 0 4 _aOratoria política.
_915734
650 4 _aOratoria forense.
_9154642
852 _aES-MaACL
_jD-1346
856 _uhttp://bdh-rd.bne.es/viewer.vm?id=0000239871&page=1
_zBiblioteca Digital Hispánica
999 _c49044
_d49044